Edible landskap.
| Corporate Author: | |
|---|---|
| Format: | Book |
| Published: |
Kuala Lumpur:
Jabatan Landskap Negara.
|
| Subjects: |
| LEADER | 00512cam a2200169 7i4500 | ||
|---|---|---|---|
| 001 | 0000023174 | ||
| 005 | 20090710090000.0 | ||
| 090 | 0 | 0 | |a B 712.6 |b KEM |
| 110 | 2 | 0 | |a Kementerian Perumahan & Kerajaan Tempatan |
| 245 | 2 | 0 | |a Edible landskap. |
| 260 | 0 | 0 | |a Kuala Lumpur: |b Jabatan Landskap Negara. |
| 300 | # | # | |a [v.p]. |
| 650 | 0 | 0 | |a Edible landscaping -- |z Malaysia |
| 650 | 0 | 0 | |a Plants, Edible -- |z Malaysia |
| 650 | 0 | 0 | |a Landscaping -- |z Malaysia |
| 651 | 0 | 0 | |a Malaysia |
| 999 | |a 0000025003 |b Book |c Book |e Business Information Centre | ||